000 01200nam a22003377a 4500
003 CHAP
005 20220329143533.0
008 100421s2008 mx a r 00010 spa d
010 _a98198
011 _a99170
020 _a9788473512794
035 _a109855
040 _cCHAP
082 1 4 _a323.042
_bOc19
110 1 _aOrganización para la Cooperación y el Desarrollo Económicos. París
_983559
245 1 0 _aEvaluación de la participación pública en la elaboración de políticas públicas
_c/por Organización para la Cooperación y el Desarrollo Económico
260 _aMadrid :
_bINAP :
_bOCDE,
_c2008
300 _a141 p. :
_bilus.
490 _aEstudios y documentos
590 _aBATCH-UPD
_b10
_c20130110
_lUCH01
_h1553
590 _aBATCH-UPD
_b10
_c20130410
_lUCH01
_h0950
590 _aBATCH-UPD
_b10
_c20130914
_lUCH01
_h0301
590 _aCONVERSION
_b10
_c20130109
_lUCH01
_h1354
650 0 4 _aAdministración pública
_zEspaña.
_9942
650 0 4 _aParticipación ciudadana
_985800
830 0 _aEstudios y documentos
_938561
901 _aBK
911 _aen proceso
942 _cLIBRO
949 _a323.042 Oc19
_bBC
_cLIBRO
_d33724002167975
_eLIBRO
_gI.c/e
_h112333
_i109855
_sb
999 _c98198
_d98198